000 00630nam a2200217 i 4500
001 bg
100 1 _aDJUBEK, J.
245 0 _aLimit state of the plate elements of steel structures /
_cJ. Djubek, R. Kodnar, M. Skaloud.
260 _aBasel,
_c1983.
490 1 _aLehr- und Handbücher der Ingenieurwissenschaften ;
_vBd.39
700 1 _aKODNAR, R.
700 1 _aSKALOUD, M.
830 _aLehr- und Handbücher der Ingenieurwissenschaften ;
020 _a3764314788
040 _cBPK
041 _apol
080 _a624:539.3/.6
920 _a3-7643-1478-8
942 _cKS
008 s pl f |000 0 pol
999 _c28043
_d28043
856 _uhttp://koha.tu.koszalin.pl/cgi-bin/koha/opac-detail.pl?biblionumber=28043
_yKatalog online BPK